Music Quiz

Random Music or Song Quiz
Score 0/225 Timer 10:00
31 Plays Today
Beatles Song % Correct
And I Love Her
98.6%
P.S. I Love You
98.5%
I Don't Want to Spoil the Party
98.5%
I Am the Walrus
98.4%
A Day in the Life
98.4%
You Really Got a Hold on Me
98.4%
Do You Want to Know a Secret
98.3%
With a Little Help from My Friends
98.2%
I Want to Tell You
98%
I Want You (She's So Heavy)
98%
I Want To Hold Your Hand
98%
I Wanna Be Your Man
97.9%
I Need You
97.8%
I Me Mine
97.8%
I Saw Her Standing There
97.7%
If You Love Me Baby
97.6%
Why Don't We Do It in the Road?
97.6%
When I Get Home
97.5%
All You Need Is Love
97.5%
A Hard Day's Night
97.4%
Baby You're a Rich Man
97.4%
Cry for a Shadow
97.3%
Money (That's What I Want)
97.3%
Love You To
97.3%
Free As a Bird
97.2%
Happiness Is a Warm Gun
97.2%
I Call Your Name
97.2%
Eight Days a Week
97.2%
A Taste of Honey
97.2%
You Know My Name (Look Up the Number)
97.2%
I've Got a Feeling
97.1%
She's a Woman
97.1%
I'm a Loser
97.1%
I've Just Seen a Face
97.1%
I Should Have Known Better
97.1%
Not a Second Time
97.1%
I Will
97%
I Feel Fine
97%
Only a Northern Song
97%
If I Fell
97%
If I Needed Someone
97%
Fixing a Hole
97%
Dig a Pony
97%
There's a Place
96.9%
Love Me Do
96.9%
She Came In Through The Bathroom Window
96.5%
You've Got to Hide Your Love Away
96.5%
Can't Buy Me Love
96.4%
Everybody's Got Something to Hide Except Me and My Monkey
96.3%
Got to Get You into My Life
96.2%
From Me To You
96.1%
Lucy in the Sky with Diamonds
96%
I'm Happy Just to Dance with You
95.8%
The Long and Winding Road
95.7%
The Ballad of John and Yoko
95.5%
Back in the U.S.S.R.
95.5%
Tell Me What You See
95.5%
You Never Give Me Your Money
95.3%
Being for the Benefit of Mr. Kite!
95.3%
You Like Me Too Much
95.2%
You Won't See Me
95.1%
You Can't Do That
95%
She Loves You
95%
Words of Love
94.5%
The Fool on the Hill
94.4%
Everybody's Trying to Be My Baby
94.3%
Here Comes the Sun
94.3%
I'll Follow the Sun
94.1%
For You Blue
94%
It's Only Love
93.8%
All I've Got to Do
93.5%
I'll Get You
93.4%
The Continuing Story of Bungalow Bill
93.3%
Don't Let Me Down
93%
March of the Meanies
92.9%
Beatles Song % Correct
Thank You Girl
92.9%
The Night Before
92.9%
Baby It's You
92.8%
I'm Looking Through You
92.7%
Real Love
92.3%
Till There Was You
92.2%
Across the Universe
91.9%
The End
91.7%
The Word
91.7%
The Inner Light
91.5%
And Your Bird Can Sing
91.4%
The Beatles Movie Medley
91.3%
Yellow Submarine in Pepperland
91.2%
Let It Be
91.2%
We Can Work It Out
91.1%
Within You Without You
90.7%
Don't Pass Me By
90.3%
It Won't Be Long
90.3%
Devil in Her Heart
90.3%
Tell Me Why
90.2%
Ask Me Why
90%
You're Going to Lose That Girl
89.6%
In My Life
89.5%
Yes It Is
89.4%
Don't Bother Me
89.1%
Please Please Me
88.6%
Hold Me Tight
87.6%
I'll Be Back
87.3%
Ob-La-Di, Ob-La-Da
86.8%
Baby's in Black
86.3%
For No One
86.2%
All My Loving
86.1%
Run for Your Life
85.8%
Here, There and Everywhere
85.5%
She Said She Said
82%
Rock and Roll Music
82%
Ain't She Sweet
82%
Anna (Go to Him)
81.5%
Ticket to Ride
81.4%
Kansas City/Hey, Hey, Hey, Hey
81.1%
I'm So Tired
80.9%
Any Time at All
79.7%
What Goes On
79.5%
It's All Too Much
79.2%
Drive My Car
78.7%
When I'm Sixty Four
78.4%
Twist and Shout
78%
Martha My Dear
77.7%
Christmas Time (Is Here Again)
77.6%
While My Guitar Gently Weeps
77.5%
All Together Now
77.1%
Good Day Sunshine
76%
Her Majesty
75.9%
Dig It
75.6%
Things We Said Today
75.3%
Two of Us
74.7%
Yellow Submarine
74.7%
Your Mother Should Know
74.6%
Get Back
71.8%
No Reply
70.7%
Think for Yourself
70.4%
Sea of Time
69.8%
Norwegian Wood (This Bird Has Flown)
69.5%
Hey Jude
69.3%
Revolution 1
69.3%
Hey Bulldog
66.2%
Day Tripper
66%
Good Night
65.7%
Sea of Holes
65.6%
Sea of Monsters
65.6%
I'm Down
65.5%
Please Mister Postman
65.1%
I'm Only Sleeping
64.7%
What You're Doing
61.5%
Help!
61%
Beatles Song % Correct
Come Together
60.4%
Cry Baby Cry
60.3%
Sgt. Pepper's Lonely Hearts Club Band (Reprise)
60%
Sgt Pepper's Lonely Hearts Club Band
59.9%
Honey Don't
59.5%
Another Girl
59.1%
Yesterday
58.4%
Revolution 9
58.4%
Eleanor Rigby
58.1%
Girl
57.2%
One After 909
56.5%
This Boy
56.4%
Good Morning Good Morning
55.7%
I'll Cry Instead
54.9%
Mean Mr. Mustard
54.8%
Revolution
53.4%
Sun King
52.7%
Nowhere Man
52.2%
Strawberry Fields Forever
51.9%
Every Little Thing
51.8%
Bad Boy
51.2%
Blue Jay Way
50.5%
Penny Lane
47.8%
Carry That Weight
47.3%
She's Leaving Home
47%
Mr. Moonlight
46.3%
Octopus's Garden
44.8%
Blackbird
44.4%
Long Tall Sally
44.3%
Long, Long, Long
43%
Roll Over Beethoven
42.7%
Something
42.7%
Hello Goodbye
42.6%
Doctor Robert
42.5%
Michelle
42.2%
Dear Prudence
42.1%
Lovely Rita
41%
Rocky Raccoon
40.6%
Lady Madonna
40.5%
Wild Honey Pie
40.4%
Paperback Writer
40.2%
Tomorrow Never Knows
39.9%
Honey Pie
39.8%
Maxwell's Silver Hammer
39.8%
Mother Nature's Son
39.4%
Helter Skelter
38.3%
Oh! Darling
37%
Taxman
35.1%
Julia
34.9%
Little Child
34.8%
Polythene Pam
34.7%
Because
34.7%
Slow Down
33.3%
Glass Onion
32%
Magical Mystery Tour
30.2%
Sexy Sadie
30.1%
Birthday
29.8%
Golden Slumbers
29.4%
Old Brown Shoe
29.3%
Dizzy Miss Lizzy
29.1%
Boys
29%
Getting Better
28.9%
Yer Blues
28%
Piggies
27.8%
Rain
27%
Act Naturally
26.2%
Chains
24%
Savoy Truffle
23.4%
Pepperland Laid Waste
23.1%
Flying
22.8%
Pepperland
22.8%
Maggie Mae
22.6%
Wait
21.8%
Misery
20.5%
Matchbox
17.7%
Come Together.
Have Fun.
All Virtual.
We all need to come together. Play Sporcle's virtual live trivia to have fun, connect with people, and get your trivia on. Join a live hosted trivia game for your favorite pub trivia experience done virtually. If a virtual private party is more your thing, go here for details.

You're not logged in!

Compare scores with friends on all Sporcle quizzes.
OR
Log In

Sporcle TV

Today on Sporcle TV


Watch our educational content, quiz creation guides, and fun videos on Sporcle TV.

Show Comments

Extras

Top Quizzes Today


Score Distribution

Paid Content

Your Account Isn't Verified!

In order to create a playlist on Sporcle, you need to verify the email address you used during registration. Go to your Sporcle Settings to finish the process.

Report this User

Report this user for behavior that violates our Community Guidelines.

Details: